| 000 | 00560cam a22001217a 4500 | ||
|---|---|---|---|
| 008 | 180718b1965 xxu||||| |||| 00| 0 eng d | ||
| 082 | _aQ43x914 As42 | ||
| 245 |
_aPlanning for children and youth in national development: the Philippine experience _cby Asian Conference on Children and Youth in National Planning and Development |
||
| 260 |
_aManila _bOffice of National Planning, National Economic Council _c1965 |
||
| 300 | _a150p. | ||
| 650 | _aChild Welfare - Philippines | ||
| 700 | _aAsian Conference on Children and Youth in National Planning and Development | ||
| 999 |
_c478134 _d478134 |
||